Hội tụ biến phân và xấp xỉ các bài toán tối ưu : Luận văn tốt nghiệp Cao học. Chuyên ngành Toán giải tích
Trình bày các khái niệm và kiến thức cơ sở về giải tích biến phân, giải tích đa trị và giải tích lồi, hội tụ biến phân của song hàm trên miền chữ nhật cùng các ứng dụng cho bài toán biến phân trên miền ràng buộc cố định....
Đã lưu trong:
| 主要作者: | |
|---|---|
| 格式: | 圖書 |
| 語言: | Undetermined |
| 出版: |
Cần Thơ
Trường Đại học Cần Thơ
2018
|
| 主題: | |
| 標簽: |
添加標簽
沒有標簽, 成為第一個標記此記錄!
|
| Thư viện lưu trữ: | Trung tâm Học liệu Trường Đại học Cần Thơ |
|---|
| LEADER | 01140nam a2200217Ia 4500 | ||
|---|---|---|---|
| 001 | CTU_228510 | ||
| 008 | 210402s9999 xx 000 0 und d | ||
| 082 | |a 515.64 | ||
| 082 | |b Th550 | ||
| 088 | |a 8460102 | ||
| 100 | |a Lê, Thị Anh Thư | ||
| 245 | 0 | |a Hội tụ biến phân và xấp xỉ các bài toán tối ưu : | |
| 245 | 0 | |b Luận văn tốt nghiệp Cao học. Chuyên ngành Toán giải tích | |
| 245 | 0 | |c Lê Thị Anh Thư ; Phan Quốc Khánh (Cán bộ hướng dẫn) | |
| 260 | |a Cần Thơ | ||
| 260 | |b Trường Đại học Cần Thơ | ||
| 260 | |c 2018 | ||
| 520 | |a Trình bày các khái niệm và kiến thức cơ sở về giải tích biến phân, giải tích đa trị và giải tích lồi, hội tụ biến phân của song hàm trên miền chữ nhật cùng các ứng dụng cho bài toán biến phân trên miền ràng buộc cố định. | ||
| 650 | |a Mathematical optimization,Toán tối ưu | ||
| 910 | |b nthai | ||
| 980 | |a Trung tâm Học liệu Trường Đại học Cần Thơ | ||